La teoria del salario nella storia delle dottrine e dei fatti economici / (Record no. 163485)

MARC details
000 -LEADER
campo de control de longitud fija 00500nam a2200145 i 4500
001 - NÚMERO DE CONTROL
campo de control 163485
003 - IDENTIFICADOR DE NÚMERO DE CONTROL
campo de control ES-MaACL
005 - FECHA Y HORA DE LA ÚLTIMA TRANSACCIÓN
campo de control 20230906212740.0
008 - DATOS DE LONGITUD FIJA--INFORMACIÓN GENERAL
campo de control de longitud fija 931025s1900 it |||| | ita d
100 1# - ENTRADA PRINCIPAL--NOMBRE DE PERSONA
Nombre de persona Ricca-Salarno, Giuseppe.
9 (RLIN) 131789
245 13 - MENCIÓN DEL TÍTULO
Título La teoria del salario nella storia delle dottrine e dei fatti economici /
Mención de responsabilidad, etc. di Giuseppe Ricca-Salermo.
260 ## - PUBLICACIÓN, DISTRIBUCIÓN, ETC.
Lugar de publicación, distribución, etc. Palermo :
Nombre del editor, distribuidor, etc. Alberto Reber,
Fecha de publicación, distribución, etc. 1900 (
Fabricante Stab. Tip. Virzi)
300 ## - DESCRIPCIÓN FÍSICA
Extensión 687 p. ;
Dimensiones 24 cm.
852 ## - LOCALIZACIÓN
Ubicación ES-MaACL
Número de control de estantería F-9959
Nota libre -- Enc. hol.
Holdings
Estatus retirado Estado de pérdida Estado de daño No para préstamo Colección Biblioteca de origen Biblioteca actual Ubicación en estantería Fecha de adquisición Fuente de adquisición Total de préstamos Signatura topográfica completa Código de barras Visto por última vez Precio de reemplazo Tipo de ítem Koha
        Libros del s. XIX Biblioteca del Ateneo de Madrid Biblioteca del Ateneo de Madrid Sala Pecera Planta 2 17/01/2008     F-9959 1171316 23/02/2023 23/02/2023 Libro impreso antiguo